[Event "ICS rated blitz match"]
[Site "204.178.125.65"]
[Date "1999.08.26"]
[Round "?"]
[White "Hossa"]
[Black "MissSilicon"]
[Result "0-1"]
[WhiteElo "2412"]
[BlackElo "2655"]
[PlyCount "96"]

1. c4 e5 2. Nc3 Nf6 3. Nf3 Nc6 4. g3 Bc5 5. Bg2 O-O 6. O-O Re8 7. e4 d6 8. d3
Bg4 9. h3 Bh5 10. Bg5 Qc8 11. Bxf6 gxf6 12. Nd5 Kg7 13. b3 Ne7 14. Rc1 Nxd5 15.
cxd5 a6 16. Rc2 a5 17. Qe2 a4 18. Rfc1 axb3 19. axb3 Re7 20. g4 Bg6 21. Qd2 Bb6
22. Ra2 Rxa2 23. Qxa2 Re8 24. Qd2 h5 25. gxh5 Bxh5 26. Nh4 Bg6 27. Kh2 Bh7 28.
f4 Rg8 29. Rf1 Qe8 30. Kh1 Kh8 31. fxe5 fxe5 32. Qh6 Rg7 33. Rf6 Qa8 34. b4
Qa1+ 35. Rf1 Qb2 36. Qf6 Qd2 37. Ra1 Be3 38. Qd8+ Bg8 39. Qxc7 Bg5 40. Qxd6
Bxh4 41. Bf1 Qf2 42. Qh6+ Rh7 43. Qc1 Bg3 44. Qc2 Qxc2 45. Ra2 Qxa2 46. Be2
Qxe2 47. Kg1 Qf2+ 48. Kh1 48... Rxh3# {Hossa checkmated} 0-1

[Event "ICS rated blitz match"]
[Site "204.178.125.65"]
[Date "1999.08.26"]
[Round "?"]
[White "Sandbagger187"]
[Black "Hossa"]
[Result "0-1"]
[WhiteElo "2159"]
[BlackElo "2406"]
[PlyCount "102"]

1. e4 e5 2. Nc3 Nc6 3. f4 exf4 4. Nf3 Bb4 5. Bc4 Bxc3 6. bxc3 Nf6 7. d3 Na5 8.
Bb3 Nxb3 9. axb3 d5 10. e5 Ng4 11. Bxf4 f6 12. O-O O-O 13. exf6 Nxf6 14. c4 Bg4
15. Bg5 dxc4 16. dxc4 Qxd1 17. Raxd1 Ne4 18. Bh4 Rae8 19. h3 Bxf3 20. Rxf3 Rxf3
21. gxf3 Nd6 22. c5 Nf7 23. Rd7 Ne5 24. Rd8 Nxf3+ 25. Kf2 Rxd8 26. Bxd8 Nd4 27.
Bxc7 Nxc2 28. Ba5 Nd4 29. b4 Nc6 30. Ke3 Kf7 31. Ke4 Ke6 32. h4 g6 33. Kf4 Kd5
34. Kg5 Nxa5 35. bxa5 Kxc5 36. Kh6 b5 37. axb6 Kxb6 38. Kxh7 a5 39. Kxg6 a4 40.
h5 a3 41. h6 a2 42. Kg7 a1=Q+ 43. Kg8 Qg1+ 44. Kh8 Qc5 45. Kg8 Qg5+ 46. Kh7 Kc6
47. Kh8 Qxh6+ 48. Kg8 Kd6 49. Kf7 Qg5 50. Kf8 Ke6 51. Ke8 51... Qg8# {
Sandbagger187 checkmated} 0-1

[Event "ICS rated blitz match"]
[Site "204.178.125.65"]
[Date "1999.08.26"]
[Round "?"]
[White "PostModernist"]
[Black "Hossa"]
[Result "1-0"]
[WhiteElo "2469"]
[BlackElo "2416"]
[PlyCount "233"]

1. e4 e5 2. Nf3 Nc6 3. Bb5 a6 4. Ba4 Nf6 5. O-O b5 6. Bb3 Bc5 7. Nc3 O-O 8. d3
Bb7 9. a4 b4 10. Nd5 Nxd5 11. Bxd5 d6 12. a5 Qb8 13. Ng5 h6 14. Nf3 Qa7 15. Bd2
Kh8 16. Qc1 Kh7 17. c3 bxc3 18. Bxc3 f5 19. Ra4 Nd8 20. Bxb7 Qxb7 21. Qc2 fxe4
22. Rxe4 Nc6 23. d4 exd4 24. Rxd4+ g6 25. Nh4 Nxd4 26. Qxg6+ Kh8 27. Qxh6+ Kg8
28. Qg5+ Kf7 29. Qg6+ Ke7 30. Qg7+ Ke6 31. Bxd4 Bxd4 32. Qxd4 Rae8 33. Qg4+ Kd5
34. Rc1 c5 35. Nf5 Qxb2 36. Qd1+ Kc6 37. Qxd6+ Kb7 38. Qxc5 Rf6 39. Rd1 Qd2 40.
Rb1+ Ka8 41. h3 Re1+ 42. Rxe1 Qxe1+ 43. Kh2 Qe6 44. Ne7 Rf8 45. Nc6 Qf7 46. Kg1
Re8 47. Nb4 Qf6 48. Qc4 Kb8 49. Nxa6+ Ka7 50. Nc5 Rd8 51. Qe2 Rd5 52. Nb3 Qf5
53. Qe3+ Ka8 54. Qc1 Qd7 55. Qc3 Rd1+ 56. Kh2 Rf1 57. Qh8+ Ka7 58. Qf6 Qc7+ 59.
g3 Qb7 60. Qd4+ Ka8 61. Qd8+ Ka7 62. Qb6+ Qxb6 63. axb6+ Kxb6 64. Kg2 Rd1 65.
f4 Kb5 66. Kf2 Kb4 67. g4 Kxb3 68. h4 Kc4 69. g5 Rh1 70. Kg3 Kd3 71. f5 Ke4 72.
f6 Rg1+ 73. Kh2 Rg4 74. Kh3 Rf4 75. Kg3 Ke5 76. Kh3 Kf5 77. Kg3 Rd4 78. Kh3
Rd3+ 79. Kh2 Kg6 80. Kg2 Rc3 81. Kh2 Rf3 82. Kg2 Rd3 83. Kh2 Re3 84. Kg2 Rb3
85. Kh2 Rb4 86. Kh3 Rf4 87. Kg3 Rd4 88. Kh3 Rb4 89. Kg3 Rc4 90. Kh3 Rd4 91. Kg3
Ra4 92. Kh3 Rc4 93. Kg3 Re4 94. Kh3 Kh5 95. Kg3 Rc4 96. Kf3 Ra4 97. Kg3 Rg4+
98. Kf3 Rc4 99. Kg3 Rd4 100. Kf3 Rb4 101. Kg3 Ra4 102. Kf3 Ra1 103. Kg2 Kxh4
104. f7 Ra2+ 105. Kf3 Ra3+ 106. Kf4 Ra4+ 107. Ke3 Ra8 108. g6 Kg4 109. g7 Ra3+
110. Kd2 Ra2+ 111. Kc3 Kh4 112. f8=Q Ra1 113. Qh8+ Kg4 114. g8=Q+ Kf5 115. Qf7+
Kg4 116. Qhh5+ Kg3 117. Qff3# {Hossa checkmated} 1-0

[Event "ICS rated blitz match"]
[Site "204.178.125.65"]
[Date "1999.08.26"]
[Round "?"]
[White "Hossa"]
[Black "NETAO"]
[Result "1-0"]
[WhiteElo "2402"]
[BlackElo "2214"]
[PlyCount "103"]

1. d4 Nf6 2. c4 e5 3. dxe5 Ng4 4. Bf4 Bb4+ 5. Nd2 Nc6 6. Ngf3 Qe7 7. e4 Ncxe5
8. Nxe5 Nxe5 9. Qc2 Bd6 10. Bg3 h5 11. O-O-O h4 12. Bxe5 Bxe5 13. Bd3 d6 14. g3
g5 15. Nf3 Bf6 16. c5 Bg4 17. Bb5+ Kf8 18. cxd6 cxd6 19. Qe2 Rc8+ 20. Kb1 h3
21. Rc1 Kg7 22. Rxc8 Rxc8 23. Nd4 Be6 24. Rd1 Bxd4 25. Rxd4 Rc5 26. b4 Rc7 27.
Qd3 Qf6 28. Rxd6 Rc3 29. Qd4 Rf3 30. e5 Qf5+ 31. Bd3 Rxd3 32. Qxd3 Qxf2 33. Qd2
Qf1+ 34. Kb2 Qf5 35. Qe3 a6 36. Rb6 Kg6 37. Rxb7 Qf1 38. Rc7 Qd1 39. Qf2 Qd3
40. g4 Qd5 41. Qf6+ Kh7 42. Kc3 Qxa2 43. Kd4 Qb2+ 44. Kc5 Qc3+ 45. Kb6 Qxb4+
46. Kxa6 Bc4+ 47. Ka7 Qa5+ 48. Kb8 Qb6+ 49. Qxb6 Be6 50. Qxe6 Kg7 51. Rxf7+ Kg8
52. Qe8# {NETAO checkmated} 1-0

[Event "ICS rated blitz match"]
[Site "204.178.125.65"]
[Date "1999.08.26"]
[Round "?"]
[White "Hossa"]
[Black "Slonik"]
[Result "1-0"]
[WhiteElo "2410"]
[BlackElo "2157"]
[PlyCount "63"]

1. d4 Nf6 2. c4 g6 3. Nc3 Bg7 4. e4 d6 5. f3 O-O 6. Be3 e5 7. Nge2 Nc6 8. Qd2
a6 9. h4 h5 10. O-O-O Rb8 11. dxe5 Nxe5 12. b3 b5 13. c5 b4 14. Na4 Ne8 15. Bg5
Qd7 16. cxd6 cxd6 17. Ng3 f6 18. Be3 Qb7 19. Bh6 Bd7 20. Nb2 Rc8+ 21. Kb1 f5
22. Bxg7 Kxg7 23. f4 Ng4 24. Qd4+ Nef6 25. e5 Ne4 26. e6+ Kh6 27. Nxe4 fxe4 28.
exd7 Rc7 29. Qxd6 Rd8 30. Bxa6 Qa7 31. f5 Rcxd7 32. Qxg6# {Slonik checkmated}
1-0

[Event "ICS rated blitz match"]
[Site "204.178.125.65"]
[Date "1999.08.26"]
[Round "?"]
[White "Jonus"]
[Black "Hossa"]
[Result "1-0"]
[WhiteElo "2286"]
[BlackElo "2416"]
[PlyCount "78"]

1. e4 e5 2. Nf3 Nc6 3. Bc4 Bc5 4. c3 Nf6 5. d3 d5 6. exd5 Nxd5 7. Bg5 Nde7 8.
O-O Bg4 9. Nbd2 O-O 10. b4 Bb6 11. h3 Bxf3 12. Qxf3 Rb8 13. a4 a6 14. b5 Na5
15. bxa6 Nxc4 16. Nxc4 f6 17. Be3 Bxe3 18. Qxe3 Nd5 19. Qc5 Nxc3 20. axb7 Rxb7
21. Na5 Ne2+ 22. Kh1 Rb2 23. Qc4+ Kh8 24. Nc6 Qd6 25. a5 Nf4 26. a6 Qxd3 27.
Qxd3 Nxd3 28. a7 Ra8 29. Rfb1 f5 30. Rxb2 Nxb2 31. Rb1 g5 32. Rxb2 Kg7 33. Rb8
Rxa7 34. Nxa7 h5 35. Rb7 e4 36. Rxc7+ Kf6 37. Rc5 f4 38. Kg1 h4 39. Nc6 39...
Kg6 {Hossa resigns} 1-0

[Event "ICS rated blitz match"]
[Site "204.178.125.65"]
[Date "1999.08.26"]
[Round "?"]
[White "JudgeTurpin"]
[Black "Hossa"]
[Result "0-1"]
[WhiteElo "2569"]
[BlackElo "2398"]
[PlyCount "122"]

1. e4 e5 2. f4 exf4 3. Nf3 g5 4. h4 g4 5. Ne5 Be7 6. Qxg4 d6 7. Qg7 Bxh4+ 8.
Kd1 Qf6 9. Qxf7+ Qxf7 10. Nxf7 Bg4+ 11. Be2 Bxe2+ 12. Kxe2 Kxf7 13. Rxh4 Nc6
14. d3 Nd4+ 15. Kd1 Ne6 16. Bxf4 Nf6 17. Be3 Rag8 18. Bxa7 b6 19. Nc3 Rxg2 20.
Rh1 Nd4 21. a4 Nxc2 22. Rc1 Ne3+ 23. Ke1 Rc2 24. Rxc2 Nxc2+ 25. Kd2 Nd4 26. Rf1
Ke7 27. Rxf6 Kxf6 28. a5 Nb3+ 29. Kc2 Nc5 30. axb6 cxb6 31. Nd5+ Ke6 32. Bxb6
Rc8 33. b4 Nd7+ 34. Kd2 Nxb6 35. Nxb6 Rf8 36. Ke3 h5 37. Nd5 h4 38. Nf4+ Kf6
39. b5 Rh8 40. Kf2 Kg5 41. Nd5 h3 42. Kg1 h2+ 43. Kh1 Kg4 44. b6 Kg3 45. Nc3
Rf8 46. Ne2+ Kh3 47. Ng1+ hxg1=Q+ 48. Kxg1 Kg3 49. d4 Rb8 50. Kf1 Kf3 51. e5
Rxb6 52. Ke1 dxe5 53. Kd2 exd4 54. Kd3 Rb4 55. Kd2 Ke4 56. Ke2 Rb2+ 57. Kd1 Ke3
58. Kc1 Rb3 59. Kc2 Rb4 60. Kd1 Rc4 61. Ke1 61... Rc1# {JudgeTurpin checkmated}
0-1

[Event "ICS rated blitz match"]
[Site "204.178.125.65"]
[Date "1999.08.26"]
[Round "?"]
[White "Hossa"]
[Black "JudgeTurpin"]
[Result "1/2-1/2"]
[WhiteElo "2421"]
[BlackElo "2546"]
[PlyCount "243"]

1. d4 d5 2. c4 e5 3. dxe5 d4 4. Nf3 Nc6 5. Bf4 Bb4+ 6. Nbd2 Nge7 7. a3 Ng6 8.
Bg3 Bxd2+ 9. Qxd2 Bg4 10. O-O-O O-O 11. Nxd4 Ncxe5 12. h3 Bh5 13. Qc2 Qg5+ 14.
Rd2 c5 15. Nb3 Rfd8 16. e4 b6 17. h4 Qg4 18. Rd5 Re8 19. Rh3 Qe6 20. f4 Qf6 21.
Qf2 Ng4 22. Qd2 Rad8 23. Bd3 Rxd5 24. cxd5 Qd6 25. Bc2 f6 26. Na1 c4 27. Kb1
Rc8 28. Ka2 b5 29. Qb4 Qxb4 30. axb4 Ne3 31. f5 Nf8 32. Bf2 Nxg2 33. Rg3 Nf4
34. Bxa7 Re8 35. Bc5 Nd7 36. Bf2 Ne5 37. Bd4 Nf3 38. Bc3 Kf8 39. Bd1 Nxh4 40.
Bxh5 Nxh5 41. Rg4 Nf3 42. b3 Ng5 43. e5 cxb3+ 44. Nxb3 h6 45. Rh4 Ng3 46. exf6
Nxf5 47. fxg7+ Kg8 48. Rh1 Rd8 49. Rd1 Ne3 50. Rc1 Nxd5 51. Kb2 Ne4 52. Bd4
Nxb4 53. Rc7 Nd6 54. Bf6 Re8 55. Rd7 Re2+ 56. Ka3 Nc2+ 57. Kb2 Ne1+ 58. Ka3 Ne8
59. Bc3 Nc2+ 60. Ka2 h5 61. Rd2 Rxd2 62. Bxd2 h4 63. Kb1 Na3+ 64. Ka2 Nc4 65.
Bf4 Kxg7 66. Nd4 Nf6 67. Nf5+ Kf7 68. Nxh4 Ke6 69. Kb3 Nd5 70. Nf3 Nxf4 71.
Nd4+ Kf6 72. Nxb5 Ne5 73. Kc3 Ke6 74. Nd4+ Kd6 75. Kd2 Nd5 76. Ke2 Nc4 77. Kf2
Nb2 78. Kg2 Nd3 79. Kf3 Nf6 80. Kg3 Kd5 81. Ne2 Ne4+ 82. Kh3 Ke5 83. Kh4 Ne1
84. Kh5 Nf2 85. Kh6 Ng4+ 86. Kh7 Kf6 87. Kh8 Ne3 88. Kg8 Nc4 89. Kh8 Nd6 90.
Kg8 Ke5 91. Kh8 Ng2 92. Kg8 Ne3 93. Nd4 Nd1 94. Ne2 Nf2 95. Kh8 Nc4 96. Kg8 Ne3
97. Kh8 Ne4 98. Kg8 Ke6 99. Kh8 Nf2 100. Kg8 Kd6 101. Kh8 Ke5 102. Kg8 Ne4 103.
Kh8 Nf6 104. Kg7 Nfd5 105. Kh7 Nc4 106. Kh8 Nd2 107. Kg8 Nb3 108. Kh8 Ne3 109.
Kg8 Nc5 110. Kf7 Nc4 111. Nc3 Ne6 112. Kg6 Nd2 113. Kh6 Nf3 114. Kh7 Kf5 115.
Kh8 Nc5 116. Kg8 Nd3 117. Kh8 Ke5 118. Kg8 Ke6 119. Kh8 Kf5 120. Kg8 Kf4 121.
Kf7 Ke5 122. Ke8 {Game drawn by the 50 move rule} 1/2-1/2

[Event "ICS Rated blitz match"]
[Site "204.178.125.65"]
[Date "1999.08.26"]
[Round "?"]
[White "JudgeTurpin"]
[Black "Hossa"]
[Result "1-0"]
[WhiteElo "2540"]
[BlackElo "2427"]
[PlyCount "122"]

1. Nf3 d6 2. d4 d5 3. e3 Bg4 4. Qd3 Bxf3 5. Qb5+ Nd7 6. gxf3 Ngf6 7. Qxb7 e6 8.
Nc3 a5 9. Nb5 Bd6 10. Nxd6+ cxd6 11. Rg1 O-O 12. Bd3 Rb8 13. Qc6 Rb6 14. Qc3
Qa8 15. Bd2 Qb7 16. b3 Ra8 17. a4 Nf8 18. Qb2 Qc7 19. e4 Kh8 20. Rg5 dxe4 21.
fxe4 d5 22. e5 N6d7 23. Rg3 f6 24. f4 fxe5 25. fxe5 Nb8 26. O-O-O Rb7 27. Rf3
Nc6 28. Rdf1 Nd7 29. Rf7 Nb4 30. Bxb4 axb4 31. Re7 Qc6 32. Bb5 Qc8 33. Rff7
Raa7 34. c3 Nxe5 35. Rxb7 Rxb7 36. Rxb7 Qxb7 37. dxe5 Qa7 38. Kb1 Qc5 39. cxb4
Qxb4 40. Qc2 g6 41. Qc8+ Kg7 42. Ka2 Qg4 43. Qc7+ Kh6 44. Qd6 Qh3 45. Ka3 Qxh2
46. Qxe6 Qd2 47. Qc8 Kg5 48. e6 Kf6 49. Bd7 h6 50. Qf8+ Kg5 51. e7 Qc1+ 52. Kb4
Qd2+ 53. Kb5 Qd3+ 54. Ka5 Qc3+ 55. Ka6 Qxb3 56. e8=Q Qc4+ 57. Kb6 Qd4+ 58. Qc5
Qf6+ 59. Ka7 Qa1 60. Qxd5+ Qe5 61. Qexe5+ 61... Kh4 {Hossa resigns} 1-0

[Event "ICS Rated blitz match"]
[Site "204.178.125.65"]
[Date "1999.08.26"]
[Round "?"]
[White "Hossa"]
[Black "MissSilicon"]
[Result "1-0"]
[WhiteElo "2416"]
[BlackElo "2643"]
[PlyCount "171"]

1. d4 f5 2. c4 e6 3. Nf3 Nf6 4. g3 Be7 5. Bg2 O-O 6. Nc3 Nc6 7. O-O d6 8. d5
exd5 9. cxd5 Ne5 10. Nd4 Rf7 11. b3 Bd7 12. Ne6 Qc8 13. Ng5 Rf8 14. Re1 Re8 15.
Qc2 c6 16. Qd1 c5 17. Qd2 Bd8 18. Bb2 b5 19. Ne6 Be7 20. Qg5 g6 21. Qh6 Nh5 22.
a3 b4 23. axb4 f4 24. Ng5 Bxg5 25. Qxg5 Nf7 26. Qh4 cxb4 27. Ne4 Qc2 28. Nf6+
Nxf6 29. Qxf6 Ne5 30. Bd4 fxg3 31. fxg3 Qc7 32. Ra6 Bf5 33. Rxd6 Qe7 34. e4 Bg4
35. Ra6 Qxf6 36. Rxf6 a5 37. Ra1 Be2 38. Rf2 Bg4 39. Bxe5 Rxe5 40. Rfa2 Rh5 41.
Rxa5 Rf8 42. Rb5 Be2 43. Rxb4 Bd3 44. Rd4 Bb5 45. Ra5 Bd7 46. Ra7 Rf7 47. Rd2
Bg4 48. Rxf7 Kxf7 49. Rc2 Rh6 50. e5 Ke8 51. Rc7 Kd8 52. Ra7 Rh5 53. e6 Re5 54.
Rxh7 Bf5 55. Rd7+ Ke8 56. h3 Bc2 57. b4 Bb3 58. Kf2 Bc4 59. Bf3 Bd3 60. Rc7 Ba6
61. h4 Kd8 62. Rc5 g5 63. h5 g4 64. Bxg4 Bd3 65. d6 Rxc5 66. bxc5 Ke8 67. c6
Ba6 68. Be2 Bc8 69. d7+ Bxd7 70. exd7+ Kd8 71. Bc4 Kc7 72. Kf3 Kd8 73. Bd5 Ke7
74. Kf2 Kd8 75. c7+ Kxd7 76. c8=Q+ Kxc8 77. h6 Kd7 78. h7 Kd6 79. h8=Q Kxd5 80.
Ke3 Kd6 81. Qd8+ Ke5 82. Qd7 Kf6 83. Kf4 Kg6 84. Qe7 Kh6 85. Kf5 Kh5 86. Qh7# {
MissSilicon checkmated} 1-0

[Event "ICS Rated blitz match"]
[Site "204.178.125.65"]
[Date "1999.08.26"]
[Round "?"]
[White "MissSilicon"]
[Black "Hossa"]
[Result "1-0"]
[WhiteElo "2618"]
[BlackElo "2441"]
[PlyCount "42"]

1. e4 e5 2. Nf3 Nf6 3. Nxe5 d6 4. Nf3 Nxe4 5. d4 d5 6. Bd3 Bd6 7. O-O O-O 8. c4
Re8 9. cxd5 Nd7 10. Re1 Ndf6 11. Qc2 Bf5 12. Ne5 Qc8 13. f3 Bxe5 14. dxe5 Nxd5
15. fxe4 Nb4 16. Qc3 Nxd3 17. Qxd3 Rxe5 18. Nc3 Bg4 19. Nd5 Qd7 20. Bf4 Re6 21.
Rad1 21... Qa4 {Hossa resigns} 1-0

[Event "ICS Rated blitz match"]
[Site "204.178.125.65"]
[Date "1999.08.26"]
[Round "?"]
[White "Hossa"]
[Black "MissSilicon"]
[Result "1/2-1/2"]
[WhiteElo "2433"]
[BlackElo "2626"]
[PlyCount "161"]

1. d4 Nf6 2. c4 e6 3. Nc3 Bb4 4. Bg5 h6 5. Bh4 c5 6. d5 Bxc3+ 7. bxc3 e5 8. Qc2
d6 9. e3 g5 10. Bg3 O-O 11. Nf3 Nh5 12. Be2 f5 13. Nd2 g4 14. h3 Nxg3 15. fxg3
Qg5 16. Kf2 Nd7 17. h4 Qf6 18. Rhf1 e4 19. Kg1 Qe5 20. Kh2 Nf6 21. Rf2 Nh5 22.
Nf1 Bd7 23. a3 Nf6 24. Rd1 Rae8 25. Qd2 Ba4 26. Rb1 Rf7 27. Rc1 Rfe7 28. Re1 a6
29. Rb1 b5 30. Kg1 bxc4 31. Bxc4 Bb5 32. Bxb5 axb5 33. Rxb5 Nxd5 34. c4 Nf6 35.
a4 Rd7 36. Qe1 Qe6 37. Qc3 Rc7 38. a5 Rce7 39. Qc2 Ra7 40. Qa4 Nd7 41. Rf4 Ne5
42. Nd2 Qd7 43. Rf1 Rea8 44. Qa3 Qc7 45. Ra1 Nc6 46. Nb3 Ra6 47. Qb2 Ne5 48.
Ra4 Rf8 49. Qf2 Nd3 50. Qc2 Re8 51. Nc1 Nb4 52. Qf2 Qf7 53. Qf1 Kh7 54. Ne2 Nc6
55. Nc3 Ne5 56. Nd5 h5 57. Qb1 Ra7 58. Qd1 Rc8 59. Rb6 Rd8 60. Qf1 Rad7 61. Ra1
Rc8 62. Rd1 Kh8 63. Rd2 Ra8 64. a6 Re8 65. Rf2 Rf8 66. Rfb2 Ra8 67. Ra2 Qf8 68.
Ra4 Raa7 69. Ra1 Rd8 70. Ra5 Rb8 71. Rxb8 Qxb8 72. Qxf5 Qb1+ 73. Kh2 Nf3+ 74.
gxf3 Qc2+ 75. Kg1 Qc1+ 76. Kh2 Qd2+ 77. Kg1 Qe1+ 78. Kh2 Qd2+ 79. Kg1 Qe1+ 80.
Kh2 Qd2+ 81. Kg1 {Game drawn by repetition} 1/2-1/2

[Event "ICS Rated blitz match"]
[Site "204.178.125.65"]
[Date "1999.08.26"]
[Round "?"]
[White "MissSilicon"]
[Black "Hossa"]
[Result "1-0"]
[WhiteElo "2618"]
[BlackElo "2441"]
[PlyCount "98"]

1. f4 d6 2. e3 e5 3. Nc3 Ne7 4. Nf3 exf4 5. exf4 g6 6. Bb5+ c6 7. Bc4 d5 8. Bb3
Bg4 9. O-O Bg7 10. d4 O-O 11. h3 Bxf3 12. Rxf3 Nf5 13. Be3 Re8 14. Bf2 Nd7 15.
Qd3 Qf6 16. Rd1 Re6 17. g4 Nh4 18. Re3 Rf8 19. Rxe6 fxe6 20. Ne2 Qe7 21. Qe3
Rf7 22. c4 Nb6 23. c5 Nd7 24. Ba4 a6 25. Bg3 Nf8 26. b4 Nd7 27. Nc3 Qd8 28. Bc2
a5 29. bxa5 Qe7 30. Qf2 Bf6 31. a6 bxa6 32. Ba4 Nxc5 33. dxc5 Bxc3 34. Bxh4 Qc7
35. Bg3 e5 36. f5 gxf5 37. gxf5 Qc8 38. Qf3 Bd4+ 39. Kh2 Rf6 40. Bc2 Qe8 41.
Qe2 Rf8 42. f6 Kh8 43. f7 Rxf7 44. Rxd4 Re7 45. Rg4 a5 46. Qe3 Re6 47. Qg5 Rg6
48. Bxg6 Qe7 49. Qxe7 49... hxg6 {Hossa resigns} 1-0

[Event "ICS Rated blitz match"]
[Site "204.178.125.65"]
[Date "1999.08.26"]
[Round "?"]
[White "Hossa"]
[Black "MissSilicon"]
[Result "1-0"]
[WhiteElo "2433"]
[BlackElo "2626"]
[PlyCount "61"]

1. e4 Nf6 2. e5 Nd5 3. d3 e6 4. d4 c5 5. dxc5 Bxc5 6. c4 Nb4 7. Nc3 O-O 8. Nf3
Qb6 9. Na4 Bxf2+ 10. Ke2 Qc7 11. Kxf2 f6 12. exf6 Rxf6 13. Nc3 N8c6 14. a3 Na6
15. Ne4 Rf8 16. Be2 Na5 17. Qd3 Qb6+ 18. Be3 Qxb2 19. Nc3 Qb3 20. Rhb1 Qxc4 21.
Qxc4 Nxc4 22. Bxc4 Nc7 23. Nb5 Nxb5 24. Bxb5 d5 25. Rd1 a6 26. Be2 Bd7 27. Rac1
Bc6 28. Kg3 a5 29. Bb6 Rf6 30. Ne5 Be8 31. Bd3 {MissSilicon resigns} 1-0

[Event "ICS Rated blitz match"]
[Site "204.178.125.65"]
[Date "1999.08.26"]
[Round "?"]
[White "MissSilicon"]
[Black "Hossa"]
[Result "1-0"]
[WhiteElo "2602"]
[BlackElo "2457"]
[PlyCount "49"]

1. e4 d5 2. exd5 Nf6 3. d4 e6 4. dxe6 Bxe6 5. Nf3 Qe7 6. Bb5+ Bd7+ 7. Be2 Nc6
8. O-O O-O-O 9. c3 Re8 10. Bb5 Qe6 11. Ng5 Qd5 12. Qb3 Qf5 13. Nxf7 Na5 14.
Bxd7+ Qxd7 15. Qc2 Qxf7 16. Qf5+ Kb8 17. Qxa5 Re2 18. Qb5 Qe6 19. Be3 Qg4 20.
Nd2 g6 21. Nf3 Rc2 22. Ne1 Qe2 23. Qe5 Bg7 24. Qe7 Rg8 25. Nxc2 {Hossa resigns}
1-0

[Event "ICS Rated blitz match"]
[Site "204.178.125.65"]
[Date "1999.08.26"]
[Round "?"]
[White "Hossa"]
[Black "MissSilicon"]
[Result "0-1"]
[WhiteElo "2447"]
[BlackElo "2612"]
[PlyCount "102"]

1. d4 Nf6 2. c4 e6 3. Nc3 Bb4 4. Bg5 h6 5. Bh4 c5 6. d5 Bxc3+ 7. bxc3 e5 8. Qc2
d6 9. e3 g5 10. Bg3 Nh5 11. e4 O-O 12. Be2 g4 13. Qd2 Qf6 14. Rb1 Qg7 15. Bd3
f5 16. exf5 Bxf5 17. Bxf5 Rxf5 18. Ne2 Nxg3 19. Nxg3 Rf7 20. O-O Qg6 21. Rfe1
b6 22. Qe3 Nd7 23. Qe4 Qg7 24. Nf5 Qf6 25. Nxh6+ Qxh6 26. Qxg4+ Rg7 27. Qe2 Kf7
28. Qf3+ Ke7 29. Kh1 Rf8 30. Qe3 Qxe3 31. fxe3 Rf2 32. g3 Rh7 33. h4 Nf6 34.
Rf1 Re2 35. Rbe1 Ne4 36. Rxe2 Nxg3+ 37. Kg2 Nxe2 38. Re1 Nxc3 39. Kh3 Rf7 40.
Kg2 Ne4 41. Re2 Rg7+ 42. Kh3 Kf6 43. Re1 Rg3+ 44. Kh2 Kg6 45. Re2 Kh5 46. a3
Kg4 47. h5 Kf3 48. h6 Rg5 49. Rb2 Ng3 50. Rf2+ Kxf2 51. e4 51... Rh5# {
Hossa checkmated} 0-1

[Event "ICS Rated blitz match"]
[Site "204.178.125.65"]
[Date "1999.08.26"]
[Round "?"]
[White "MissSilicon"]
[Black "Hossa"]
[Result "1-0"]
[WhiteElo "2621"]
[BlackElo "2438"]
[PlyCount "99"]

1. d4 a5 2. e4 d5 3. exd5 Qxd5 4. Nc3 Qd8 5. Nf3 Bf5 6. Bd3 Bxd3 7. Qxd3 Nd7 8.
O-O e6 9. Qb5 Bd6 10. Qxb7 Ne7 11. Ne4 Nb6 12. c4 O-O 13. c5 Bxh2+ 14. Kxh2
Nbd5 15. Rd1 Rb8 16. Qa6 Ra8 17. Qb5 c6 18. Qe2 Qc7+ 19. Kh1 Rad8 20. Nd6 Nc8
21. Bg5 Nce7 22. Bxe7 Nxe7 23. Ng5 Nd5 24. Ndxf7 Rxf7 25. Qxe6 Rdf8 26. Nxf7
Rxf7 27. Rd2 Qf4 28. Rad1 Nf6 29. f3 Qc7 30. Re2 Qb7 31. Rde1 Nd5 32. Qd6 h6
33. Qd8+ Rf8 34. Re8 Rxe8 35. Rxe8+ Kh7 36. Rh8+ Kg6 37. Qe8+ Kg5 38. Qe5+ Kg6
39. Qe4+ Kg5 40. Qg4+ Kf6 41. Rf8+ Qf7 42. Qh4+ Ke6 43. Qe1+ Kf6 44. Qe5+ Kg6
45. Qg3+ Kf5 46. Rxf7+ Ke6 47. Rxg7 Nf4 48. Qe1+ Ne2 49. Qxe2+ Kf6 50. Qe5# {
Hossa checkmated} 1-0

[Event "ICS Rated blitz match"]
[Site "204.178.125.65"]
[Date "1999.08.26"]
[Round "?"]
[White "Hossa"]
[Black "MissSilicon"]
[Result "1/2-1/2"]
[WhiteElo "2430"]
[BlackElo "2629"]
[PlyCount "93"]

1. d4 d5 2. c4 dxc4 3. e4 e5 4. Nf3 exd4 5. Bxc4 Nc6 6. O-O Nf6 7. Qb3 Qe7 8.
Bg5 h6 9. Bxf6 Qxf6 10. Bd5 Nd8 11. e5 Qf4 12. Rd1 c5 13. Qc4 g5 14. Nbd2 Be7
15. Ne4 g4 16. Ne1 Qxe5 17. Nd3 Qc7 18. Ndxc5 O-O 19. Rac1 Ne6 20. Bxe6 Bxe6
21. Qxd4 Rad8 22. Nxe6 Rxd4 23. Nxc7 Rxe4 24. Nd5 Bg5 25. Rc7 Rd8 26. Kf1 Rb4
27. b3 Kg7 28. Rc3 Rb6 29. f4 Bf6 30. Rcd3 Rc6 31. Nxf6 Rxd3 32. Nh5+ Kg6 33.
Rxd3 Kxh5 34. a4 Rc1+ 35. Kf2 Rb1 36. Kg3 f5 37. h3 gxh3 38. Kxh3 Rb2 39. g3
Rb1 40. Rc3 Rh1+ 41. Kg2 Rb1 42. Kf3 a5 43. Re3 Rb2 44. Rd3 Rc2 45. Re3 Rb2 46.
Rd3 Rc2 47. Re3 {Game drawn by mutual agreement} 1/2-1/2

[Event "ICS Rated blitz match"]
[Site "204.178.125.65"]
[Date "1999.08.26"]
[Round "?"]
[White "PostModernist"]
[Black "Hossa"]
[Result "1-0"]
[WhiteElo "2479"]
[BlackElo "2438"]
[PlyCount "171"]

1. d4 d6 2. e4 Nf6 3. f3 d5 4. exd5 Nxd5 5. c4 Nb6 6. Nc3 e6 7. c5 N6d7 8. Be3
Be7 9. Bd3 Nc6 10. Bb5 Bh4+ 11. g3 Bf6 12. Qa4 Ne7 13. Bd3 O-O 14. Qc2 Nf5 15.
Bxf5 exf5 16. Nge2 Re8 17. Bf2 f4 18. gxf4 b6 19. O-O-O bxc5 20. dxc5 Bb7 21.
Ne4 Bc6 22. Rhg1 Be7 23. Bd4 Bf8 24. Ng5 g6 25. Qc4 Qe7 26. Rge1 Bh6 27. Nc3
Qf8 28. Rxe8 Rxe8 29. Qa6 Nb8 30. Qxa7 f6 31. Nce4 Bxe4 32. Nxe4 Bxf4+ 33. Kb1
Re6 34. Qa4 Kg7 35. h3 Ra6 36. Qb4 Nc6 37. Qb5 Nb8 38. Qb3 Qe8 39. Nc3 Qc8 40.
Nd5 Bg5 41. f4 Bh4 42. Qf3 Qf5+ 43. Ka1 Kf8 44. Nxc7 Rc6 45. Qb3 Qc8 46. Nb5
Qb7 47. Be3 Ra6 48. f5 Kg7 49. Qc4 g5 50. Nd6 Qa7 51. c6 Qxe3 52. Qf7+ Kh6 53.
Qxf6+ Kh5 54. Qf7+ Kh6 55. c7 Rc6 56. Nc4 Qe2 57. Rc1 Bg3 58. Qf8+ Kh5 59. c8=Q
Rxc8 60. Qxc8 Bf4 61. Qg8 Qe7 62. Rg1 Nd7 63. Qd5 Nf6 64. Qf3+ Kh6 65. h4 Qd7
66. hxg5+ Bxg5 67. Qh3+ Nh5 68. Ne5 Qe8 69. Ng4+ Kg7 70. Qc3+ Kf7 71. Ne5+ Kf8
72. Rxg5 Ke7 73. Qc7+ Kf6 74. Nf3 Qe1+ 75. Nxe1 Kxg5 76. Qxh7 Nf4 77. Kb1 Kg4
78. f6 Kg5 79. Nd3 Ne6 80. Qe7 Kf5 81. f7 Nf8 82. Qxf8 Ke4 83. Qe7+ Kxd3 84.
f8=Q Kd4 85. Qf4+ Kd5 86. Qfe4# {Hossa checkmated} 1-0

[Event "ICS rated blitz match"]
[Site "204.178.125.65"]
[Date "1999.08.26"]
[Round "?"]
[White "High-Command"]
[Black "Hossa"]
[Result "1-0"]
[WhiteElo "2693"]
[BlackElo "2424"]
[PlyCount "103"]

1. d4 d6 2. e4 Nf6 3. Nc3 g6 4. Nf3 Bg7 5. Be2 Nbd7 6. O-O e5 7. dxe5 dxe5 8.
Be3 Ng4 9. Bg5 f6 10. Bh4 O-O 11. Qd5+ Kh8 12. h3 Nh6 13. Rad1 Nf7 14. Bc4 Nd6
15. Bb3 g5 16. Bg3 Qe7 17. Rfe1 Nb6 18. Qc5 Re8 19. Nb5 Nd7 20. Qd5 Nb6 21. Qd3
Nxb5 22. Qxb5 Bd7 23. Qa5 Red8 24. a3 a6 25. h4 Bg4 26. Rxd8+ Rxd8 27. hxg5
Bxf3 28. gxf6 Qxf6 29. gxf3 Rd4 30. Qc5 Rd7 31. Kg2 Nc8 32. Rh1 Nd6 33. Qd5 Rd8
34. Qe6 Qg5 35. Qh3 Qg6 36. Qh5 Qxh5 37. Rxh5 Re8 38. a4 Bf6 39. Rh6 Kg7 40.
Rh1 Rd8 41. c3 c5 42. f4 Be7 43. Bd5 exf4 44. Bxf4 b6 45. Rh3 Kg6 46. Rg3+ Kh5
47. e5 Ne4 48. Bxe4 Bg5 49. Rxg5+ Kh6 50. Rg8+ Kh5 51. Bf3+ Kh4 52. Bg5# {
Hossa checkmated} 1-0

[Event "ICS rated blitz match"]
[Site "204.178.125.65"]
[Date "1999.08.26"]
[Round "?"]
[White "Hossa"]
[Black "Ripari"]
[Result "1-0"]
[WhiteElo "2418"]
[BlackElo "2297"]
[PlyCount "65"]

1. d4 Nf6 2. c4 c5 3. d5 b5 4. cxb5 a6 5. f3 axb5 6. e4 Qa5+ 7. Bd2 b4 8. Na3
d6 9. Nc4 Qc7 10. a3 bxa3 11. Rxa3 Rxa3 12. bxa3 g6 13. Qa4+ Nfd7 14. Bc3 Rg8
15. Kf2 Bg7 16. Ne2 Bxc3 17. Nxc3 Kf8 18. Nb5 Qb7 19. Bd3 Nb6 20. Qc2 Nxc4 21.
Qxc4 Qa6 22. Rb1 Nd7 23. Qc1 Ne5 24. Qh6+ Rg7 25. Bc2 Bb7 26. Nc7 Qa7 27. Ne8
Kxe8 28. Qxg7 c4+ 29. Kg3 Nd3 30. Ba4+ Kd8 31. Qf8+ Kc7 32. Qxe7+ Kb8 33. Qd8#
{Ripari checkmated} 1-0